000 00531nam a2200193Ia 4500
005 20250326142250.0
008 250326s9999 xx 000 0 und d
020 _a0-389-20626-1
037 _aTextbook
040 _aFMSL
_beng
_cFMSL
041 _aeng
_2eng
084 _aX:76 M7
_qFMSL
100 _aPeston M H
245 0 _aPrices competition and equilibrium
_cPeston M H; Quandt R E
260 _aNew Delhi
_bNew Delhi, Haritage
_c1987
300 _a323p
942 _cTB
_hX:76 M7
999 _c1294199
_d1294199